[Event "Bayern-ch U14"]
[Site "Mimberg"]
[Date "2002.04.05"]
[Round "7"]
[White "Farrenkopf, Christian"]
[Black "Nuber, Korbinian"]
[Result "0-1"]
[WhiteElo "1175"]
[BlackElo "1314"]
[PlyCount "88"]
[EventDate "2002.04.??"]
[EventType "swiss"]
[EventRounds "7"]
[EventCountry "GER"]
[SourceTitle "EXT 2004"]
[Source "ChessBase"]
[SourceDate "2003.11.25"]
[SourceVersion "1"]
[SourceVersionDate "2003.11.25"]
[SourceQuality "1"]

1. d4 g6 2. e4 Bg7 3. Nf3 d6 4. h3 Nc6 5. Nc3 Nf6 6. Bb5 Bd7 7. 0-0 0-0 8. Re1 a6 9. Ba4 b5 10. Bb3 e5 11. d5 Na5 12. Bg5 Nxb3 13. axb3 Qc8 14. Kf1 c6 15. b4 cxd5 16. Bxf6 Bxf6 17. Nxd5 Qd8 18. Qd3 Bc6 19. c4 Bxd5 20. Qxd5 Qb6 21. c5 dxc5 22. bxc5 Qc7 23. b4 Rfd8 24. Qb3 a5 25. bxa5 Rxa5 26. Rxa5 Qxa5 27. Rb1 Rb8 28. c6 Qc7 29. Qd5 b4 30. Nd2 Rb6 31. Nc4 Rxc6 32. Rxb4 Rc5 33. Qa8+ Kg7 34. Rb7 Qc6 35. Qa7 Rxc4 36. Rxf7+ Kg8 37. Rxh7 Rc1+ 38. Ke2 Qxe4+ 39. Kd2 Bg5+ 40. Qe3 Bxe3+ 41. fxe3 Kxh7 42. g4 Rc2+ 43. Kd1 Qd3+ 44. Ke1 Qe2# 0-1

[Event "Bayern-ch U14"]
[Site "Mimberg"]
[Date "2002.04.04"]
[Round "5"]
[White "Farrenkopf, Christian"]
[Black "Steurer, Martin"]
[Result "0-1"]
[WhiteElo "1175"]
[BlackElo "1402"]
[PlyCount "60"]
[EventDate "2002.04.??"]
[EventType "swiss"]
[EventRounds "7"]
[EventCountry "GER"]
[SourceTitle "EXT 2004"]
[Source "ChessBase"]
[SourceDate "2003.11.25"]
[SourceVersion "1"]
[SourceVersionDate "2003.11.25"]
[SourceQuality "1"]

1. d4 Nf6 2. Nf3 e6 3. c4 b6 4. Bg5 Bb7 5. d5 exd5 6. cxd5 Be7 7. Nc3 0-0 8. a3 Re8 9. e4 Nxe4 10. Nxe4 Bxg5 11. Be2 Rxe4 12. 0-0 Bf6 13. Rb1 d6 14. b4 Nd7 15. Rc1 Re8 16. Bb5 a6 17. Ba4 b5 18. Bc2 Ne5 19. a4 Nc4 20. Qd3 g6 21. Bb3 Nb2 22. Qc2 Re7 23. Rb1 Nxa4 24. Bxa4 bxa4 25. Rfd1 Qd7 26. Qc4 Qb5 27. Qf4 Bg7 28. Qh4 Rae8 29. Qg5 Qb6 30. Qc1 Re2 0-1